| 000 | 00436nam a22001577a 4500 | ||
|---|---|---|---|
| 999 |
_c257057 _d257056 |
||
| 003 | OSt | ||
| 005 | 20181025103016.0 | ||
| 008 | 180730b xxu||||| |||| 00| 0 eng d | ||
| 020 | _a9789966117960 | ||
| 040 | _cN/A | ||
| 050 |
_aZ729 _b.K695 2001 |
||
| 100 | _aCary Francis Koyier | ||
| 245 | _aMaktaba library of the year award : Looking back looking forward | ||
| 260 |
_aNairobi _bKenya Library Association _c2001 |
||
| 942 |
_2lcc _cBK |
||